| 000 | 00524nam a2200193Ia 4500 | ||
|---|---|---|---|
| 005 | 20250522104120.0 | ||
| 008 | 008 250516s9999 xx 000 0 hin d | ||
| 020 | _a9788119141449 | ||
| 040 |
_aSDCL _beng _cSDCL |
||
| 041 |
_ahin _2hin |
||
| 084 |
_aO152:g(Y:1), R4.1-R4.2 _qSDCL |
||
| 100 |
_aSatyarthi _9628493 |
||
| 245 | 0 | _aLok sahitya aur Bhartiya Sanskriti (2 Volumes set) | |
| 260 |
_aDelhi: _bAnanya Prakashan, _c2024. |
||
| 300 | _a428,547p. | ||
| 365 |
_aINR _b1995 |
||
| 650 | _aHindi | ||
| 942 | _cTEXL | ||
| 999 |
_c1429186 _d1429186 |
||